000 00954nam a2200289 a 4500
001 1087197
005 20250331184356.0
008 081125s2005 sp gr 000 0 spa d
020 _a8480486694
020 _a9788480486699
040 _aCO-CtgCURN
_bspa
_ccoctgcurn
082 0 4 _a306
_bL349
_219
100 1 _aLasuén, José Ramón.
245 1 0 _aCultura y economía /
_cJosé Ramón Lasuén Sancho, María Isabel García Gracia, José Luis Zofío Prieto.
260 3 _aMadrid :
_bFundación Autor,
_c2005.
300 _a401 páginas. ;
_c23 cm.
440 0 _aDatautor
504 _aIncluye e índice.
650 0 _aPolítica cultural.
650 0 _aCultura
_xAspectos económicos.
650 0 _aDesarrollo socioeconómico.
700 1 _aLasuén Sancho, José Ramón,
_d1932-
700 1 _aGarcía Gracia, María Isabel,
_d1954-
700 1 _aZofío Prieto, José Luis,
_d1970-
949 _an
_bn
999 _c17762
_d17762